Wähle die Glücksstadt - Statistiken

Allgemein
  • Dieses Quiz wurde 126 mal gespielt
  • Das Durchschnittsergebnis liegt bei 18 aus 45
Antwortstatistiken
Frage Kachel Select % Korrekt
b Vechta Nein
76%
a Cochem Nein
75%
c Finsterwalde Nein
74%
a Ulm Nein
74%
d Zwiesel Nein
71%
Glück Göppingen Nein
68%
c Stendal Nein
68%
d Neunkirchen Nein
67%
Glück Gera Nein
66%
Glück Eisenhüttenstadt Nein
65%
b Speyer Nein
65%
b Kaiserslautern Nein
63%
a Bad Harzburg Nein
58%
a Bremerhaven Nein
54%
d Lindau Nein
53%
d Dümmer Nein
50%
Glück Flensburg Nein
50%
b Bamberg Nein
46%
c Cuxhaven Ja
42%
a Bad Kissingen Ja
36%
Glück Rüsselsheim Ja
36%
b Sonneberg Ja
35%
Glück Saarbrücken Ja
34%
Glück Schwerin Ja
34%
a Weißwasser Ja
34%
a Gummersbach Ja
33%
Glück Plauen Ja
33%
b Bitterfeld-Wolfen Ja
32%
c Schleswig Ja
28%
a Kaufbeuren Ja
27%
c Stralsund Ja
24%
c Ludwigsburg Ja
23%
Glück Salzwedel Ja
23%
a Siegburg Ja
23%
d Freiberg Ja
22%
d Gießen Ja
20%
b Heppenheim Ja
20%
d Marburg Ja
20%
b Xanten Ja
18%
d Homburg Ja
17%
c Troisdorf Ja
17%
d Wittenberge Ja
16%
c Miltenberg Ja
15%
c Bergheim Ja
14%
b Lahr Ja
14%
Keine übereinstimmenden Quizze gefunden
Verteilung der Resultate
Anzahl Personen mit jedem Resultat
Perzentil nach korrekt beantworteten Fragen
Ihre Resultats-Entwicklung
Sie haben dieses Quiz noch nicht gespielt